Three great Indian stalwarts : (Record no. 104388)

MARC details
000 -LEADER
fixed length control field 00657nam a22001937a 4500
005 - DATE AND TIME OF LATEST TRANSACTION
control field 20260413143138.0
010 ## - LCCN (DPL NO)
LC control number ENG-116377 ENG-148220
020 ## - INTERNATIONAL STANDARD BOOK NUMBER
International Standard Book Number 9788180423468
Terms of availability 400.00
035 ## - SYSTEM CONTROL NUMBER
System control number EN-99909
035 ## - SYSTEM CONTROL NUMBER
System control number EN-131752
037 ## - SOURCE OF ACQUISITION
Source of stock number/acquisition DBAD
082 ## - DEWEY DECIMAL CLASSIFICATION NUMBER
Classification number 181.46
100 ## - MAIN ENTRY--PERSONAL NAME
Personal name Lotay, Rajinder Kaur
245 ## - TITLE STATEMENT
Title Three great Indian stalwarts :
Statement of responsibility, etc by Lotay,Rajinder Kaur
Remainder of title Raja Ram Mohan Roy,Maulana Abdul Kalam Azad,Vinayak Damodar Veer Savarkar /
260 ## - PUBLICATION, DISTRIBUTION, ETC. (IMPRINT)
Place of publication, distribution, etc New Delhi
Name of publisher, distributor, etc Modern Publishing House
Date of publication, distribution, etc 2016
270 ## - ADDRESS
Address 9,Gola Market,Daryaganj
City New Delhi
Postal code 110002
300 ## - PHYSICAL DESCRIPTION
Extent 144p.
Dimensions 21cm(Hb)
942 ## - ADDED ENTRY ELEMENTS (KOHA)
Source of classification or shelving scheme Dewey Decimal Classification
Item type English Books
Call number suffix LOT
Classification part 181.46
Holdings
Withdrawn status Lost status Not for loan Collection code Home library Current library Date acquired Source of acquisition Cost, normal purchase price Full call number Barcode Copy number Cost, replacement price Koha item type
    Not For Loan Non-fiction D.B.Act.Division D.B.Act.Division 13/04/2026 Delivery of Books Act Division 400.00 LOT 181.46 EN-131752 1 400.00 English Books
      Non-fiction Shahdara Branch Shahdara Branch 31/10/2016 DBAD/PUB 400.00 181.46 LOT EN-99909 1 400.00 English Books

© Delhi Public Library
Hit Counter
free hit counter